26 Estados, 26 Cidades - Versão Fácil - Statistics

Estatísticas Gerais
  • Esse quiz foi jogado 206 vezes
  • A pontuação média é 18 de 26
Estatísticas das Respostas
Cidade Estado % Correto
Uberlândia Minas Gerais
95%
Caxias do Sul Rio Grande do Sul
92%
Joinville Santa Catarina
90%
Londrina Paraná
89%
Campinas São Paulo
88%
Feira de Santana Bahia
84%
Anápolis Goiás
78%
Olinda Pernambuco
78%
São Gonçalo Rio de Janeiro
78%
Vila Velha Espírito Santo
74%
Sinop Mato Grosso
70%
Dourados Mato Grosso do Sul
69%
Santarém Pará
67%
Imperatriz Maranhão
66%
Juazeiro do Norte Ceará
65%
Campina Grande Paraíba
63%
Parintins Amazonas
62%
Mossoró Rio Grande do Norte
62%
Arapiraca Alagoas
59%
Oiapoque Amapá
58%
Parnaíba Piauí
58%
Ji-Paraná Rondônia
56%
Araguaína Tocantins
52%
Itabaiana Sergipe
51%
Cruzeiro do Sul Acre
50%
Pacaraima Roraima
50%
Nenhum quiz correspondente encontrado
Distribuição das Pontuações
Porcentagem de Pessoas com Cada Pontuação
Percentil de Números Respondidos
Sua Pontuação Histórica
Você não jogou esse quiz